Resultados de la Copa Mundial de Fútbol de 1930 - Estadísticas

Estadísticas generales
  • Esta prueba ha sido intentada 1.160 veces
  • La puntuación promedio es 10 de 13
Respuestas en el mapa
Las respuestas están codificadas por una escala verde-roja en el mapa de la prueba según el % correcto abajo.
 
Estadísticas de respuestas
Nation % Correcto
Argentina
98%
Uruguay
98%
Brasil
94%
Francia
84%
Estados Unidos
83%
México
81%
Chile
80%
Paraguay
66%
Perú
66%
Bolivia
64%
Yugoslavia
62%
Bélgica
45%
Rumania
32%
No se encontraron pruebas coincidentes
Distribución de puntuación
Porcentaje de gente con cada puntuación
Porcentaje por número respondido
Historial de tus puntuaciones
No has intentado esta prueba.